Click the Correct Ocean by Sea - Statistics

General Stats
  • This quiz has been taken 307 times
  • The average score is 15 of 24
Answer Stats
Hint Answer % Correct
Mediterranean Atlantic
84%
Adriatic Atlantic
83%
Arabian Indian
83%
Aegean Atlantic
81%
Caribbean Atlantic
77%
Baltic Atlantic
77%
Black Atlantic
74%
South China Pacific
74%
Red Indian
72%
Yellow Pacific
69%
North Atlantic
66%
Coral Pacific
61%
Andaman Indian
59%
White Arctic
57%
Tasman Pacific
54%
Ross Southern
53%
Greenland Arctic
52%
Sargasso Atlantic
49%
Beaufort Arctic
46%
Laccadive Indian
46%
Weddell Southern
44%
Amundsen Southern
42%
Kara Arctic
39%
Bismarck Pacific
34%
No matching quizzes found
Score Distribution
Percent of People with Each Score
Percentile by Number Answered
Your Score History
You have not taken this quiz